Bytový dom

Salvato in:
Dettagli Bibliografici
Autore principale: Pilniková, Lujza (Autore)
Altri autori: Jamnický, Martin (Relatore della tesi)
Natura: Manoscritto Libro
Lingua:slovacco
Pubblicazione: 2024
Soggetti:
Accesso online:http://is.stuba.sk/zp/portal_zp.pl?podrobnosti=155892
Tags: Aggiungi Tag
Nessun Tag, puoi essere il primo ad aggiungerne!!

MARC

LEADER 00000ntm a22000003a 4500
001 stuzp94189
003 SK-STU
005 20240629210806.9
007 ta
008 150427s2015----xo-----f-mn---000-0-slo-d
040 |a STU  |b slo 
041 0 |a slo 
100 1 |a Pilniková, Lujza  |u 010180  |4 aut  |U SvF Stavebná fakulta  |T SvF Katedra konštrukcií pozemných stavieb  |X 103811  |U V180  |Y 18  |7 103811 
242 0 1 |a Residential house  |y eng 
245 1 0 |a Bytový dom 
260 |c 2024 
650 4 |a bytový dom  |2 slo 
650 4 |a bytový dom s polyfunkciou  |2 slo 
650 4 |a podpivničený objekt  |2 slo 
650 4 |a multifunctional residential building  |2 eng 
650 4 |a residential building  |2 eng 
650 4 |a basement building  |2 eng 
700 1 |a Jamnický, Martin  |u 010180  |k Z1  |4 ths  |U SvF Stavebná fakulta  |T SvF Katedra konštrukcií pozemných stavieb  |X 4052  |U V180  |Y 18  |7 A000004052 
856 4 |u http://is.stuba.sk/zp/portal_zp.pl?podrobnosti=155892